书目信息 |
| 题名: |
结构力学
|
|
| 作者: | 李廉锟 主编 | |
| 分册: | 上册 | |
| 出版信息: | 北京 高等教育出版社 2010.07 |
|
| 页数: | 370页 | |
| 开本: | 23cm | |
| 丛书名: | ||
| 单 册: | ||
| 中图分类: | O342 | |
| 科图分类: | ||
| 主题词: | 结构力学--Jie Gou Li Xue--高等学校--教材 | |
| 电子资源: | ||
| ISBN: | 978-7-04-029200-8 | |
| 000 | 00831nam0 2200253 450 | |
| 001 | 294597 | |
| 005 | 20190619090434.19 | |
| 010 | @a978-7-04-029200-8@dCNY36.00 | |
| 100 | @a20111101d2010 em y0chiy0110 ea | |
| 101 | 0 | @achi |
| 102 | @aCN@b110000 | |
| 105 | @aa a 001yy | |
| 200 | 1 | @a结构力学@AJie Gou Li Xue@h上册@f李廉锟主编 |
| 205 | @a第5版 | |
| 210 | @a北京@c高等教育出版社@d2010.07 | |
| 215 | @a370页@c图@d23cm | |
| 300 | @a普通高等教育“十一五”国家级规划教材 | |
| 320 | @a有书目和索引 | |
| 330 | @a本书包括平面体系的机动分析、静定梁与静定刚架、静定拱、静定平面桁架、结构位移计算、力法、位移法、渐近法、矩阵位移法和影响线及其应用等内容。 | |
| 606 | 0 | @a结构力学@AJie Gou Li Xue@x高等学校@j教材 |
| 690 | @aO342@v5 | |
| 701 | 0 | @a李廉锟@ALi Lian Kun@4主编 |
| 801 | 0 | @aCN@c20111101 |
| 905 | @dO342@eL200-2=5@f3 | |
| 结构力学.上册/李廉锟主编.-第5版.-北京:高等教育出版社,2010.07 |
| 370页:图;23cm |
| 普通高等教育“十一五”国家级规划教材 |
| ISBN 978-7-04-029200-8:CNY36.00 |
| 本书包括平面体系的机动分析、静定梁与静定刚架、静定拱、静定平面桁架、结构位移计算、力法、位移法、渐近法、矩阵位移法和影响线及其应用等内容。 |
| ● |
| 相关链接 |
|
|
|
正题名:结构力学
索取号:O342/L200-2=5
 
预约/预借
| 序号 | 登录号 | 条形码 | 馆藏地/架位号 | 状态 | 备注 |
| 1 | 1034367 | 210343671 | 自科库401/401自科库 52排3列4层/ [索取号:O342/L200-2=5] | 在馆 | |
| 2 | 1061735 | 210617359 | 自科库401/401自科库 52排3列4层/ [索取号:O342/L200-2=5] | 在馆 | |
| 3 | 1061736 | 210617368 | 自科库401/401自科库 52排3列4层/ [索取号:O342/L200-2=5] | 在馆 | |
| 4 | 1061737 | 210617377 | 自科库401/401自科库 52排3列4层/ [索取号:O342/L200-2=5] | 在馆 |